The Old Testament of the Jerusalem Bible. (Record no. 7822)

MARC details
000 -LEADER
fixed length control field 00719cam a2200205 4500
001 - CONTROL NUMBER
control field 3614029
003 - CONTROL NUMBER IDENTIFIER
control field GBCCL
005 - DATE AND TIME OF LATEST TRANSACTION
control field 20251127133957.0
008 - FIXED-LENGTH DATA ELEMENTS--GENERAL INFORMATION
fixed length control field 700604t19691966nyub 000 0 eng
040 ## - CATALOGING SOURCE
Original cataloging agency DLC
Transcribing agency DLC
Modifying agency DLC
082 00 - DEWEY DECIMAL CLASSIFICATION NUMBER
Classification number 220.5207
Item number BIB
245 14 - TITLE STATEMENT
Title The Old Testament of the Jerusalem Bible.
Statement of responsibility, etc. [General editor: Alexander Jones]
260 ## - PUBLICATION, DISTRIBUTION, ETC.
Place of publication, distribution, etc. Garden City, N.Y.,
Name of publisher, distributor, etc. Doubleday
Date of publication, distribution, etc. [1969, c1966]
300 ## - PHYSICAL DESCRIPTION
Extent xix, 1587 p.
Other physical details maps (part col.)
Dimensions 24 cm.
350 ## - PRICE (NR) (BK AM CF MU VM SE) [OBSOLETE]
Price 11.95
500 ## - GENERAL NOTE
General note "The principal collaborators in translation and literary revision were: Joseph Leo Alston [and others]"
700 1# - ADDED ENTRY--PERSONAL NAME
Personal name Jones, Alexander,
Dates associated with a name 1906-
Relator term ed.
9 (RLIN) 13662
906 ## - LOCAL DATA ELEMENT F, LDF (RLIN)
a 7
b cbc
c orignew
d u
e ncip
f 19
g y-gencatlg
942 ## - ADDED ENTRY ELEMENTS (KOHA)
Source of classification or shelving scheme Dewey Decimal Classification
Koha item type Reference Books
Holdings
Withdrawn status Lost status Source of classification or shelving scheme Damaged status Not for loan Home library Current Library Shelving location Date acquired Total checkouts Full call number Barcode Date last seen Copy number Price effective from Koha item type
    Dewey Decimal Classification     GRACE BIBLE COLLEGE GRACE BIBLE COLLEGE Bible 2018-10-04   220.5207 BIB 004060 2025-05-01 c.1 2018-10-04 Reference Books
© Grace Bible College Library 2025